000 00718nam a22002177a 4500
005 20170124110226.0
010 _aB-034913
020 _c200.00
035 _aB-034913
037 _bCen Lib/Ret
040 _aDPL
_bEN
082 _a305.56095442
_bSHA
100 _aSharma, Banke Bihari Lal
_940710
245 _aPopulation geography of scheduled castes and scheduled tribes in Rajasthan /
_cby Banke Bihari Lal Sharma
260 _aJodhpur
_bBooks Treasure
_c2000
270 _aSojati Gate
_bJodhpur
_e342001
300 _a128p.
_c21cm(Hb)
650 _aPopulation geography -- India -- Rajasthan
_940711
650 _aScheduled tribes in India
_98146
942 _2ddc
_cEN
_h305.56095442
_mSHA
999 _c134433
_d134433